| 000 | 00592nam a22002537a 4500 | ||
|---|---|---|---|
| 003 | UA-OsUOA | ||
| 001 | 26216 | ||
| 007 | ta | ||
| 008 | 20040524b un ||||| |||| 00| 0 ukr d | ||
| 100 | _aАрский Ф.Н. | ||
| 090 |
_a82-343 _bА85 |
||
| 942 | _cBK | ||
| 040 |
_aUA-OsUOA _brus _cUA-OsUOA _dUA-OsUOA |
||
| 245 | _aВ стране мифов | ||
| 300 | _a224 с. | ||
| 955 | _a0 | ||
| 041 | _arus | ||
| 080 | _a82-343 | ||
| 260 |
_aМосква _bМолодая гвардия _c1968 |
||
| 044 | _aRU | ||
| 250 | _nИзд. 2-е, доп. | ||
| 650 | 7 | _2UDC | |
| 999 |
_c312532 _d312532 |
||